000 01019nam a2200253 a 4500
001 BRCA_3714
005 20190320204409.0
008 920403m19911993mx-a---##b---f001-0dspa-#
020 _a9681636244 (Obra completa)
041 _aspa
044 _amx
050 4 _aF1234
_b.C35 1991
100 1 _aCalles, Plutarco Elías
_d1877-1945
_99547
245 1 0 _aCorrespondencia personal
_b1919-1945
_cPlutarco Elías Calles ; introducción, selección y notas de Carlos Macías.
260 _aMéxico
_bFideicomiso Archivos Plutarco Elías Calles y Fernando Torreblanca : Fondo de Cultura Económica : Gobierno del Estado de Sonora
_c1991-1993
300 _a2 v.
_bil.
_c23 cm.
440 0 _aVida y pensamiento de México
_99548
504 _aIncluye referencias bibliográficas e índice
600 1 4 _aCalles, Plutarco Elías
_d1877-1945
_xCorrespondencia
_99667
650 1 4 _aPresidentes
_xCorrespondencia
_zMéxico
_99668
651 4 _aMéxico
_xHistoria
_y1910-1946
_94779
700 1 _aMacías, Carlos
_99550
942 _2lcc
_cB
999 _c3444
_d3444